000 01525nam a2200469 a 4500
003 AR-BaBNM
005 20251128205756.0
008 082120s2002 ||||||||||||||000 | spa||
020 _a84-271-1777-9
040 _cAR-BaBNM
100 1 _aValdivia Sánchez, Carmen
245 0 0 _aLa orientación y la tutoría en los centros educativos
_bcuestionario de evaluación y análisis tutorial [C.E.A.T]
250 _a2ª ed.
260 _aBilbao
_bEdiciones Mensajero
_c1994
300 _a150 p.
_btablas
490 0 _aRecursos e Instrumentos Psico-Pedagógicos
_vv. 3
500 _aSe anexa un ejemplar desprendible del "Cuestionario de Evaluación y análisis tutorial en centros educativos C.E.A.T."
500 _aAnexo: 131-150
504 _aBibliografía: p. 127-130
610 2 4 _aInstituto de Ciencias de la Educación [Universidad de Deusto]
650 4 _aPROFESORES-TUTORES
650 4 _aASESORAMIENTO DE GRUPO
650 4 _aFUNCIONES DE LA ORIENTACION
650 4 _aPSICOMETRIA
650 4 _aSERVICIOS DE ORIENTACION
650 4 _aEVALUACION
650 4 _aPEDAGOGIA
650 4 _aINVESTIGACION
650 4 _aORIENTACION ESCOLAR
650 4 _aENTREVISTAS
650 4 _aREGISTROS DE ALUMNOS
650 4 _aCENTROS PEDAGOGICOS
650 4 _aINSTRUMENTOS DE MEDICION
650 4 _aTUTORIA
650 4 _aTECNICAS
651 4 _aEspaña
653 _aORIENTACION VOCACIONAL
653 _aEDUCACION GENERAL BASICA
653 _aEDUCACION SECUNDARIA
942 _cBK
998 _carturo
999 _c12764
_d12764